<The> Definition and Delimitation of Outer Space

Prehľad o rôznych prístupoch (priestorový a funkcionalistický) vo veci vymedzenia vzdušného priestoru a vesmíru. Suborbitálne lety, riadenie vesmírnej premávky, vesmírne nečistoty a postavenie človeka vo vesmíre.

Uložené v:
Podrobná bibliografia
Hlavný autor: Klenka, Michal
Médium: Kapitola
Jazyk:English
Predmet:
Tagy: Pridať tag
Žiadne tagy, Buďte prvý, kto otaguje tento záznam!

MARC

LEADER 00000naa$a2200000$$$4500
001 0243974
005 20240502073942.8
041 0 |a eng 
044 |a SK 
245 1 0 |a <The> Definition and Delimitation of Outer Space  |c Michal Klenka 
520 |a Prehľad o rôznych prístupoch (priestorový a funkcionalistický) vo veci vymedzenia vzdušného priestoru a vesmíru. Suborbitálne lety, riadenie vesmírnej premávky, vesmírne nečistoty a postavenie človeka vo vesmíre. 
610 2 0 |a vesmír 
610 2 0 |a právo kozmické 
610 2 0 |a právo medzinárodné 
610 2 0 |a priestor kozmický 
610 2 0 |a priestor 
610 2 0 |a definície 
100 1 |a Klenka, Michal